CCNAv7: switching, routing, and wireless essentials (Registro nro. 13767)
[ vista simple ]
| 000 -Cabecera | |
|---|---|
| Campo de control de longitud fija | 00872nam a22003257a 4500 |
| 005 - Fecha y hora de la última transacción | |
| Campo de control | 20250624152421.0 |
| 008 - Elementos de longitud fija--Información general | |
| Campo de control de longitud fija | 250408b |||||||| |||| 00| 0 spa d |
| 020 ## - International Standard Book Number | |
| Número Internacional Estándar del Libro (ISBN) | 9780136729358 |
| 041 ## - Idioma | |
| Código de idioma | Inglés |
| 082 ## - Clasificación Decimal Dewey | |
| Número de clasificación | 004.66 C579c |
| 110 ## - Entrada principal--Autor corporativo | |
| Nombre de entidad corporativa | Cisco Networking Academy |
| 245 ## - Título propiamente dicho | |
| Título | CCNAv7: switching, routing, and wireless essentials |
| 260 ## - Pie de imprenta | |
| Lugar de publicación, distribución, etc. | Estados Unidos |
| 260 ## - Pie de imprenta | |
| Nombre del editor, distribuidor, etc. | Cisco Press |
| 260 ## - Pie de imprenta | |
| Fecha de publicación, distribución, etc. | 2020 |
| 300 ## - Descripción física | |
| Extensión | 608 páginas |
| 490 ## - Serie | |
| Título de la Serie | Tecnologías de la Información |
| 650 ## - Materia general | |
| Temática (materia general) | TECNOLOGÍAS DE INFORMACIÓN |
| 650 ## - Materia general | |
| Temática (materia general) | SWITCHES |
| 650 ## - Materia general | |
| Temática (materia general) | CONMUTADORES |
| 650 ## - Materia general | |
| Temática (materia general) | TYPES OF VLANS |
| 650 ## - Materia general | |
| Temática (materia general) | TIPOS DE VLAN |
| 650 ## - Materia general | |
| Temática (materia general) | VLAN SPANNING TREE |
| 650 ## - Materia general | |
| Temática (materia general) | ÁRBOL DE EXPANSIÓN POR VLAN |
| 650 ## - Materia general | |
| Temática (materia general) | ETHER CHANNEL |
| 650 ## - Materia general | |
| Temática (materia general) | CISCO |
| 650 ## - Materia general | |
| Temática (materia general) | SWITCH SECURITY |
| 650 ## - Materia general | |
| Temática (materia general) | SEGURIDAD DEL CONMUTADOR |
| 942 ## - Punto de acceso adicional KOHA | |
| Fuente del sistema de clasificación o colocación | Dewey Decimal Classification |
| Tipo de ítem KOHA | Libro |
| Signatura completa | Código de barras | Programa Académico | Tipo de ítem |
|---|---|---|---|
| 004.66 C579c | 25994 | Tecnologías de Información | Libro |